| 000 | 00586nam a2200169 a 4500 | ||
|---|---|---|---|
| 001 | 000029502 | ||
| 005 | 20200930055610.0 | ||
| 008 | 110418s2000 dr 000 0 spa d | ||
| 020 | _a9769502758 | ||
| 040 |
_aDO-SdBNP _bspa _cBNPHU |
||
| 082 |
_axxx _bR426r |
||
| 110 | 1 |
_aRepública Dominicana _bComisión Presidencial para la Reforma y Modernización del Estado _97089 |
|
| 245 | 1 | 0 | _aReconversión organizacional de la D. G. I. I. |
| 260 |
_aSanto Domingo : _bComisión Presidencial para la Reforma y Modernización del Estado, _c2000. |
||
| 300 |
_a45 p. ; _c22 cm. |
||
| 049 | _aBNPD | ||
| 999 |
_c28994 _d28994 |
||